[Event "LSS SB-2009-0-00064"]
[Site "LSS email"]
[Date "2009.10.06"]
[Round "?"]
[White "Correa de Almeida, Claudio"]
[Black "Halliday, Lyndell A"]
[Result "0-1"]
[WhiteElo "800"]
[BlackElo "2005"]
[PlyCount "102"]
[EventDate "2009.09.11"]
[EventType "tourn (corr)"]
[EventRounds "6"]
[EventCountry "GER"]
[SourceTitle "Telechess CBM 137"]
[Source "ChessBase"]
[SourceDate "2010.07.15"]
[SourceVersion "1"]
[SourceVersionDate "2010.07.15"]
[SourceQuality "1"]

1. Nf3 d5 2. g3 Nf6 3. Bg2 Bf5 4. 0-0 e6 5. d3 h6 6. c4 c6 7. cxd5 exd5 8. Nc3 Be7 9. Bf4 0-0 10. e4 dxe4 11. dxe4 Nxe4 12. Nd4 Nxc3 13. bxc3 Bg6 14. Re1 Bf6 15. Qb3 Qb6 16. Bd6 Rd8 17. Be7 Bxe7 18. Rxe7 Nd7 19. Rae1 Qxb3 20. Nxb3 Kf8 21. f4 f6 22. Na5 Rab8 23. Nb3 Bf7 24. h4 Re8 25. Rxe8+ Rxe8 26. Rxe8+ Bxe8 27. Kf2 Bf7 28. Ke3 Ke7 29. Bf3 Kd6 30. h5 Nb6 31. Kd3 Bxb3 32. axb3 f5 33. b4 Nd7 34. c4 b6 35. g4 fxg4 36. Bxg4 a6 37. Kc3 Nf6 38. Be2 c5 39. Kb3 Ne4 40. Bg4 Nf2 41. Bf5 cxb4 42. Kxb4 Kc6 43. Bc2 a5+ 44. Kb3 Nh3 45. f5 Nf2 46. Ka4 Kc5 47. Kb3 Ng4 48. Bd3 Nf6 49. Be2 Ne4 50. Kb2 Ng3 51. Bd1 Kxc4 0-1

[Event "Bridgetown Heroes Day-B"]
[Site "Bridgetown"]
[Date "2009.05.01"]
[Round "5"]
[White "Harewood, Othneil"]
[Black "Halliday, Lyndell A"]
[Result "1-0"]
[WhiteElo "1933"]
[BlackElo "2024"]
[PlyCount "31"]
[EventDate "2009.04.27"]
[EventType "tourn"]
[EventRounds "9"]
[EventCountry "BAR"]
[SourceTitle "CBM 130 Extra"]
[Source "ChessBase"]
[SourceDate "2009.07.02"]
[SourceVersion "2"]
[SourceVersionDate "2009.07.15"]
[SourceQuality "1"]

1. d4 Nf6 2. c4 e6 3. Nc3 Bb4 4. Qc2 0-0 5. e4 c5 6. Nf3 cxd4 7. Nxd4 Bxc3+ 8. bxc3 Qa5 9. Bd3 Nc6 10. 0-0 Ne5 11. Be2 d5 12. Bf4 Nxc4 13. e5 Ne4 14. Bxc4 Qc5 15. Bd3 Nxc3 16. Be3 1-0

[Event "LSS SB-2008-0-00039"]
[Site "LSS email"]
[Date "2009.01.30"]
[Round "?"]
[White "Halliday, Lyndell A"]
[Black "Avellan, Gerardo"]
[Result "1-0"]
[WhiteElo "1970"]
[BlackElo "1873"]
[PlyCount "57"]
[EventDate "2009.01.20"]
[EventType "tourn (corr)"]
[EventRounds "6"]
[EventCountry "GER"]
[SourceTitle "Corr 2011"]
[Source "ChessBase"]
[SourceDate "2010.08.31"]
[SourceVersion "1"]
[SourceVersionDate "2010.08.31"]
[SourceQuality "1"]

1. d4 Nf6 2. c4 e6 3. g3 Be7 4. Bg2 d5 5. Nf3 0-0 6. 0-0 dxc4 7. Qc2 Nc6 8. Qxc4 Qd5 9. Qxd5 exd5 10. Bf4 Bd8 11. Nc3 h6 12. Rac1 Re8 13. h3 Bf5 14. g4 Bh7 15. Rfe1 a6 16. a3 Nd7 17. Nxd5 Rc8 18. e3 Nf8 19. Bg3 Nd7 20. Nd2 Kh8 21. Bf1 Nf6 22. Nxf6 Bxf6 23. Red1 a5 24. Bb5 Re7 25. Bxc6 bxc6 26. Rxc6 a4 27. Rdc1 Rb8 28. Nc4 h5 29. Bxc7 1-0

[Event "LSS SB-2008-0-00039"]
[Site "LSS email"]
[Date "2009.01.29"]
[Round "?"]
[White "Spashchansky, Aleksandr"]
[Black "Halliday, Lyndell A"]
[Result "1-0"]
[WhiteElo "2196"]
[BlackElo "2005"]
[PlyCount "79"]
[EventDate "2009.01.20"]
[EventType "tourn (corr)"]
[EventRounds "6"]
[EventCountry "GER"]
[SourceTitle "Corr 2011"]
[Source "ChessBase"]
[SourceDate "2010.08.31"]
[SourceVersion "1"]
[SourceVersionDate "2010.08.31"]
[SourceQuality "1"]

1. e4 e5 2. Nf3 Nc6 3. Bb5 a6 4. Ba4 Nf6 5. 0-0 Be7 6. Re1 b5 7. Bb3 d6 8. c3 0-0 9. h3 Na5 10. Bc2 c5 11. d4 Qc7 12. Nbd2 Bd7 13. Nf1 Nc4 14. Ng3 g6 15. b3 Nb6 16. Bh6 Rfe8 17. Qd2 c4 18. Nf5 Bxf5 19. exf5 Rad8 20. Rad1 a5 21. bxc4 Nxc4 22. Qc1 Nd5 23. Be4 Ndb6 24. Qb1 Na3 25. Qd3 d5 26. fxg6 fxg6 27. Bxg6 e4 28. Rxe4 dxe4 29. Qxe4 Bf8 30. Bxe8 Bxh6 31. Qe6+ Kg7 32. Nh4 Bg5 33. Nf5+ Kf8 34. Re1 Nd5 35. Bh5 Nf6 36. Ne7 Qc4 37. d5 Kg7 38. Nf5+ Kh8 39. Qe7 Rg8 40. Nd6 1-0

[Event "LSS RB-2008-0-00038"]
[Site "LSS email"]
[Date "2009.01.06"]
[Round "?"]
[White "Halliday, Lyndell A"]
[Black "Ponting, Andrew"]
[Result "1-0"]
[WhiteElo "1966"]
[BlackElo "1911"]
[PlyCount "47"]
[EventDate "2008.12.31"]
[EventType "tourn (corr)"]
[EventRounds "6"]
[EventCountry "GER"]
[SourceTitle "Corr 2011"]
[Source "ChessBase"]
[SourceDate "2010.08.31"]
[SourceVersion "1"]
[SourceVersionDate "2010.08.31"]
[SourceQuality "1"]

1. d4 d5 2. c4 c6 3. Nf3 Nf6 4. e3 e6 5. b3 Nbd7 6. Bb2 Bd6 7. Bd3 0-0 8. 0-0 b6 9. Nbd2 Bb7 10. Ne5 Qc7 11. f4 Rac8 12. Qf3 c5 13. cxd5 Nxd5 14. Qh3 h6 15. Rac1 Nxe5 16. dxe5 Be7 17. Nc4 Nb4 18. Bb1 b5 19. Nd6 Bxd6 20. exd6 Qxd6 21. Qg4 f6 22. Qg6 Rf7 23. Qh7+ Kf8 24. Rcd1 1-0

[Event "LSS RB-2008-0-00038"]
[Site "LSS email"]
[Date "2009.01.06"]
[Round "?"]
[White "Pott, Brian"]
[Black "Halliday, Lyndell A"]
[Result "1/2-1/2"]
[WhiteElo "1733"]
[BlackElo "1994"]
[PlyCount "86"]
[EventDate "2008.12.31"]
[EventType "tourn (corr)"]
[EventRounds "6"]
[EventCountry "GER"]
[SourceTitle "Corr 2013"]
[Source "ChessBase"]
[SourceDate "2012.11.12"]
[SourceVersion "1"]
[SourceVersionDate "2012.11.12"]
[SourceQuality "1"]

1. e4 e5 2. Nf3 Nc6 3. Bb5 Nf6 4. 0-0 Nxe4 5. d4 Nd6 6. Bxc6 dxc6 7. dxe5 Nf5 8. Qxd8+ Kxd8 9. Nc3 Ne7 10. h3 Ng6 11. Bg5+ Ke8 12. Rad1 Be6 13. Nd4 Bc4 14. Rfe1 Bb4 15. Nf5 Bxc3 16. bxc3 Rg8 17. a3 h6 18. Bc1 c5 19. f4 Rd8 20. Rxd8+ Kxd8 21. g4 Kd7 22. Kf2 b6 23. Kg3 Bd5 24. Ne3 Bb7 25. Rd1+ Kc8 26. c4 Ne7 27. Bb2 g6 28. Nd5 Nc6 29. h4 Ba6 30. Rh1 Bxc4 31. Ne3 Be6 32. h5 g5 33. f5 Bd7 34. Nd5 Rd8 35. Rd1 Be8 36. Bc3 b5 37. Rd3 Bd7 38. Nf6 b4 39. axb4 cxb4 40. Ba1 Ne7 41. c3 a5 42. cxb4 axb4 43. Ne4 Rg8 1/2-1/2

[Event "LSS SB-2008-0-00033"]
[Site "LSS email"]
[Date "2008.11.15"]
[Round "?"]
[White "Halliday, Lyndell A"]
[Black "Dehaybe, Andre"]
[Result "1/2-1/2"]
[WhiteElo "1962"]
[BlackElo "1990"]
[PlyCount "63"]
[EventDate "2008.11.11"]
[EventType "tourn (corr)"]
[EventRounds "6"]
[EventCountry "GER"]
[SourceTitle "Corr 2011"]
[Source "ChessBase"]
[SourceDate "2010.08.31"]
[SourceVersion "1"]
[SourceVersionDate "2010.08.31"]
[SourceQuality "1"]

1. d4 d5 2. c4 e6 3. Nf3 Nf6 4. g3 dxc4 5. Bg2 Nc6 6. Qa4 Rb8 7. Qxc4 Qd5 8. Qxd5 exd5 9. Bf4 Bd6 10. Bxd6 cxd6 11. Nc3 0-0 12. e3 Be6 13. Nd2 Rfc8 14. a3 b5 15. h3 b4 16. axb4 Rxb4 17. Ra2 Rcb8 18. b3 R4b7 19. Ke2 Rc7 20. Rc1 Nb4 21. Raa1 Rbc8 22. Na2 Nc2 23. Rab1 g5 24. g4 h5 25. f3 Bd7 26. Bf1 Kg7 27. Kf2 Nxd4 28. Rxc7 Rxc7 29. exd4 Rc2 30. Ke3 Rxa2 31. Bd3 Ra3 32. Rh1 1/2-1/2

[Event "LSS SB-2008-0-00033"]
[Site "LSS email"]
[Date "2008.11.15"]
[Round "?"]
[White "Halliday, Lyndell A"]
[Black "Hrubaru, Mircea"]
[Result "1/2-1/2"]
[WhiteElo "1966"]
[BlackElo "2036"]
[PlyCount "51"]
[EventDate "2008.11.11"]
[EventType "tourn (corr)"]
[EventRounds "6"]
[EventCountry "GER"]
[SourceTitle "Corr 2011"]
[Source "ChessBase"]
[SourceDate "2010.08.31"]
[SourceVersion "1"]
[SourceVersionDate "2010.08.31"]
[SourceQuality "1"]

1. d4 Nf6 2. c4 e6 3. g3 d5 4. Nf3 Bb4+ 5. Bd2 Be7 6. Bg2 0-0 7. 0-0 c6 8. Qc2 Nbd7 9. Bf4 a5 10. Rd1 Nh5 11. Bc1 b5 12. Ne5 Bb7 13. c5 f5 14. Nd2 Nhf6 15. Nd3 Qe8 16. Nf3 Ne4 17. Nfe5 Nxe5 18. dxe5 Qd7 19. Be3 a4 20. f3 Ng5 21. b4 axb3 22. axb3 Rxa1 23. Rxa1 Ra8 24. Rxa8+ Bxa8 25. Qd2 Nf7 26. Qa5 1/2-1/2

[Event "LSS RB-2008-0-00030"]
[Site "LSS email"]
[Date "2008.10.20"]
[Round "?"]
[White "Halliday, Lyndell A"]
[Black "Marculescu, Gheorghe"]
[Result "1-0"]
[WhiteElo "1956"]
[BlackElo "1820"]
[PlyCount "42"]
[EventDate "2008.10.11"]
[EventType "tourn (corr)"]
[EventRounds "6"]
[EventCountry "GER"]
[SourceTitle "Corr 2013"]
[Source "ChessBase"]
[SourceDate "2012.11.12"]
[SourceVersion "1"]
[SourceVersionDate "2012.11.12"]
[SourceQuality "1"]

1. d4 d5 2. c4 e6 3. Nc3 Nf6 4. cxd5 exd5 5. Bg5 Bb4 6. e3 0-0 7. Bd3 c5 8. Nge2 c4 9. Bb1 Be6 10. 0-0 Nbd7 11. f4 Bxc3 12. Nxc3 h6 13. Bh4 Bg4 14. Qc2 Qa5 15. h3 Bh5 16. f5 Rfe8 17. Qd2 b5 18. g4 b4 19. Nd1 Bxg4 20. hxg4 Nxg4 21. Qg2 Ngf6 1-0

[Event "LSS RB-2008-0-00011"]
[Site "LSS email"]
[Date "2008.05.24"]
[Round "?"]
[White "Halliday, Lyndell A"]
[Black "Jovanovic, Bratislav"]
[Result "1/2-1/2"]
[WhiteElo "1953"]
[BlackElo "1915"]
[PlyCount "69"]
[EventDate "2008.05.20"]
[EventType "tourn (corr)"]
[EventRounds "6"]
[EventCountry "GER"]
[SourceTitle "Corr 2011"]
[Source "ChessBase"]
[SourceDate "2010.08.31"]
[SourceVersion "1"]
[SourceVersionDate "2010.08.31"]
[SourceQuality "1"]

1. d4 e6 2. c4 f5 3. g3 Nf6 4. Bg2 d5 5. Nh3 c6 6. 0-0 Be7 7. Qc2 0-0 8. Nf4 Qb6 9. Rd1 Na6 10. a3 g5 11. c5 Qd8 12. Nd3 Nd7 13. b4 Bf6 14. Bb2 Nc7 15. Nd2 g4 16. Nf1 Bg7 17. a4 a5 18. bxa5 Rxa5 19. Bc3 Ra7 20. Ne3 Qg5 21. Rab1 Nf6 22. Bd2 Ne4 23. Bc1 Qe7 24. Ne5 Ng5 25. f4 Nf7 26. Bb2 Bd7 27. Bc3 Rfa8 28. Nxf7 Qxf7 29. Ra1 Ne8 30. Rdb1 Bc8 31. Nd1 Bf6 32. Nf2 Qg7 33. e3 Bd8 34. Nd3 Nf6 35. Ne5 1/2-1/2

[Event "LSS RB-2008-0-00011"]
[Site "LSS email"]
[Date "2008.05.24"]
[Round "?"]
[White "Pech, Jaroslav Sr"]
[Black "Halliday, Lyndell A"]
[Result "1/2-1/2"]
[WhiteElo "1828"]
[BlackElo "1953"]
[PlyCount "50"]
[EventDate "2008.05.20"]
[EventType "tourn (corr)"]
[EventRounds "6"]
[EventCountry "GER"]
[SourceTitle "Corr 2011"]
[Source "ChessBase"]
[SourceDate "2010.08.31"]
[SourceVersion "1"]
[SourceVersionDate "2010.08.31"]
[SourceQuality "1"]

1. e4 c6 2. d4 d5 3. Nc3 dxe4 4. Nxe4 Bf5 5. Ng3 Bg6 6. h4 h6 7. Nf3 Nd7 8. h5 Bh7 9. Bd3 Bxd3 10. Qxd3 e6 11. Bf4 Qa5+ 12. Bd2 Bb4 13. c3 Be7 14. c4 Qc7 15. d5 cxd5 16. cxd5 Qd6 17. Qb3 Ngf6 18. dxe6 Qxe6+ 19. Qxe6 fxe6 20. Rc1 Bd6 21. Rh4 Bxg3 22. fxg3 Nd5 23. Ra4 Kf7 24. g4 g5 25. hxg6+ Kxg6 1/2-1/2

[Event "LSS SB-2008-0-00011"]
[Site "LSS email"]
[Date "2008.05.10"]
[Round "?"]
[White "Halliday, Lyndell A"]
[Black "Laine, Jari"]
[Result "1-0"]
[WhiteElo "1954"]
[BlackElo "1801"]
[PlyCount "91"]
[EventDate "2008.05.04"]
[EventType "tourn (corr)"]
[EventRounds "6"]
[EventCountry "GER"]
[SourceTitle "Corr 2011"]
[Source "ChessBase"]
[SourceDate "2010.08.31"]
[SourceVersion "1"]
[SourceVersionDate "2010.08.31"]
[SourceQuality "1"]

1. d4 e6 2. c4 f5 3. Nc3 Nf6 4. e3 Bb4 5. Bd3 b6 6. Nge2 Bb7 7. f3 0-0 8. Qc2 c5 9. a3 Bxc3+ 10. Nxc3 Nc6 11. dxc5 bxc5 12. 0-0 d6 13. Rd1 Rb8 14. Rb1 Ne5 15. Be2 Ne8 16. b4 cxb4 17. axb4 Rf6 18. e4 Qc8 19. Bf4 Nxc4 20. Qa2 fxe4 21. Bxc4 exf3 22. Bg3 fxg2 23. Bxd6 Nxd6 24. Rxd6 Kh8 25. Qxa7 Rf4 26. Rbd1 Qf8 27. R6d4 e5 28. Rxf4 exf4 29. Rd7 f3 30. Rxb7 Re8 31. Qf2 Qf4 32. Bb3 Qd4 33. Qxd4 Re1+ 34. Kf2 g1Q+ 35. Kxf3 Qh1+ 36. Kg3 Rg1+ 37. Kf4 Qxh2+ 38. Kf5 Qh5+ 39. Ke6 Qe8+ 40. Kd5 Rg5+ 41. Kc4 h5 42. Kd3 Rg3+ 43. Kd2 Rg2+ 44. Kc1 Qa8 45. Ra7 Qf8 46. Qd5 1-0

[Event "LSS SB-2008-0-00011"]
[Site "LSS email"]
[Date "2008.05.09"]
[Round "?"]
[White "Halliday, Lyndell A"]
[Black "Sherwood, Russell"]
[Result "1/2-1/2"]
[WhiteElo "1954"]
[BlackElo "1991"]
[PlyCount "26"]
[EventDate "2008.05.04"]
[EventType "tourn (corr)"]
[EventRounds "6"]
[EventCountry "GER"]
[SourceTitle "Corr 2013"]
[Source "ChessBase"]
[SourceDate "2012.11.12"]
[SourceVersion "1"]
[SourceVersionDate "2012.11.12"]
[SourceQuality "1"]
[WhiteTeam "US of America"]
[BlackTeam "US of America"]
[WhiteTeamCountry "USA"]
[BlackTeamCountry "USA"]

1. d4 f5 2. Nc3 Nf6 3. Bg5 d5 4. Bxf6 exf6 5. e3 Be6 6. Qf3 Nc6 7. Bb5 Qd7 8. Nge2 a6 9. Ba4 g5 10. h4 0-0-0 11. 0-0-0 Kb8 12. a3 h6 13. Kb1 g4 1/2-1/2

[Event "LSS RB-2008-0-00009"]
[Site "LSS email"]
[Date "2008.05.08"]
[Round "?"]
[White "Pott, Brian"]
[Black "Halliday, Lyndell A"]
[Result "0-1"]
[WhiteElo "1919"]
[BlackElo "1954"]
[PlyCount "120"]
[EventDate "2008.05.01"]
[EventType "tourn (corr)"]
[EventRounds "6"]
[EventCountry "GER"]
[SourceTitle "Corr 2011"]
[Source "ChessBase"]
[SourceDate "2010.08.31"]
[SourceVersion "1"]
[SourceVersionDate "2010.08.31"]
[SourceQuality "1"]

1. e4 c6 2. d4 d5 3. e5 c5 4. dxc5 Nc6 5. Bb5 e6 6. Be3 Nge7 7. c3 Bd7 8. Bxc6 Bxc6 9. Nf3 Nf5 10. Bd4 a5 11. a4 Nxd4 12. Qxd4 Be7 13. 0-0 0-0 14. Qe3 Qd7 15. b3 Rfc8 16. Nbd2 Qe8 17. Ne1 Bd7 18. Nd3 Qf8 19. b4 axb4 20. cxb4 Bxa4 21. Rfc1 Bb5 22. Rxa8 Rxa8 23. Ne1 Qb8 24. Nb3 Ra2 25. Nd4 Bc4 26. Nef3 Qa8 27. Nd2 Ra3 28. Qe1 Bd3 29. N2f3 Qa4 30. h3 h6 31. Kh2 Ra2 32. c6 bxc6 33. Nxc6 Bf8 34. Nfd4 Bb5 35. Nxb5 Qxb5 36. Qe3 Ra6 37. Qc3 Rb6 38. Qc2 Qa6 39. f4 Bxb4 40. Nd8 Be7 41. Qc8 Qxc8 42. Rxc8 Kh7 43. Nxf7 Kg6 44. Nh8+ Kf5 45. Rc7 Bb4 46. Rxg7 Kxf4 47. Nf7 d4 48. Nxh6 d3 49. Ng4 Be1 50. Rf7+ Ke4 51. Ra7 Rb4 52. Rd7 Rb1 53. Nf6+ Kxe5 54. Rxd3 Kxf6 55. g3 Rb2+ 56. Kg1 Bb4 57. Rf3+ Ke5 58. h4 Bc5+ 59. Kh1 Ke4 60. Rf4+ Ke3 0-1

[Event "LSS RB-2008-0-00005"]
[Site "LSS email"]
[Date "2008.03.24"]
[Round "?"]
[White "Halliday, Lyndell A"]
[Black "Aguilar, Sebastian"]
[Result "1/2-1/2"]
[WhiteElo "1954"]
[BlackElo "1904"]
[PlyCount "76"]
[EventDate "2008.03.21"]
[EventType "tourn (corr)"]
[EventRounds "6"]
[EventCountry "GER"]
[SourceTitle "Corr 2011"]
[Source "ChessBase"]
[SourceDate "2010.08.31"]
[SourceVersion "1"]
[SourceVersionDate "2010.08.31"]
[SourceQuality "1"]

1. d4 Nf6 2. c4 c5 3. d5 b5 4. Nf3 Bb7 5. Nbd2 bxc4 6. e4 e6 7. dxe6 dxe6 8. Bxc4 Be7 9. 0-0 Nc6 10. e5 Nd7 11. Re1 0-0 12. Qe2 Nb6 13. Bd3 Nb4 14. Bb1 Qc7 15. a3 Nc6 16. Nf1 Nd4 17. Nxd4 cxd4 18. Qd3 g6 19. Bf4 Rac8 20. Ng3 Rfd8 21. Qe2 Na4 22. Ne4 Qb6 23. Nd6 Rc7 24. Bc2 Nc5 25. b4 Nd7 26. Nxb7 Qxb7 27. Be4 Qc8 28. Bd3 Nb6 29. Bd2 Nd5 30. Qg4 Qd7 31. h4 h5 32. Qg3 Qe8 33. b5 Nc3 34. a4 Rdc8 35. Qf4 Qd8 36. g3 Bb4 37. Bf1 Rd7 38. Qf3 Nd5 1/2-1/2

[Event "BAR-ch"]
[Site "St Michael"]
[Date "2003.08.04"]
[Round "8"]
[White "Corbin, Philip"]
[Black "Halliday, Lyndell A"]
[Result "1-0"]
[WhiteElo "2235"]
[BlackElo "2104"]
[PlyCount "131"]
[EventDate "2003.07.19"]
[EventType "tourn"]
[EventRounds "11"]
[EventCountry "BAR"]
[SourceTitle "CBM 095 Extra"]
[Source "ChessBase"]
[SourceDate "2003.09.04"]
[SourceVersion "1"]
[SourceVersionDate "2003.09.04"]
[SourceQuality "1"]

1. e4 d6 2. d4 Nf6 3. Nc3 g6 4. Be3 c6 5. f3 Nbd7 6. Qd2 b5 7. Nce2 Nb6 8. Ng3 h5 9. h4 Qc7 10. Nh3 Bxh3 11. Rxh3 Nc4 12. Bxc4 bxc4 13. Qc3 Rb8 14. b3 cxb3 15. axb3 d5 16. Ra6 Rb6 17. Qa5 e6 18. Bd2 Rb7 19. Qa4 Be7 20. Rxc6 Qd7 21. e5 Nh7 22. Bh6 Bd8 23. f4 Rc7 24. Rxc7 Qxa4 25. bxa4 Bxc7 26. Ne2 Kd7 27. Rb3 Kc6 28. Kd2 Nf6 29. Bg5 Ne4+ 30. Kd3 Re8 31. Nc3 Nxc3 32. Rxc3+ Kd7 33. Rc5 Rb8 34. Rb5 Rxb5 35. axb5 Ba5 36. c4 dxc4+ 37. Kxc4 Bb6 38. Bh6 Ke8 39. Bg7 Ke7 40. d5 exd5+ 41. Kxd5 Be3 42. Ke4 Bf2 43. Bf6+ Ke6 44. Kf3 Bb6 45. g4 hxg4+ 46. Kxg4 Bf2 47. Bd8 Be3 48. Kf3 Bc5 49. Ke4 Bf2 50. Bg5 Bb6 51. Bf6 Bf2 52. Bd8 Kd7 53. Bg5 Ke6 54. h5 gxh5 55. f5+ Kd7 56. Be3 Bxe3 57. Kxe3 Ke7 58. Kf4 f6 59. e6 Kd6 60. Kg3 Ke7 61. Kh4 Kf8 62. Kxh5 Kg7 63. Kg4 Kf8 64. Kf4 Ke7 65. Ke4 Kd6 66. Kd4 1-0

[Event "IECG CA.2003.0.00087 email"]
[Site "IECG email"]
[Date "2003.03.16"]
[Round "?"]
[White "Cade, Stephen"]
[Black "Halliday, Lyndell A"]
[Result "1-0"]
[WhiteElo "2040"]
[BlackElo "2151"]
[PlyCount "33"]
[EventDate "2003.03.16"]
[EventType "tourn (corr)"]
[EventRounds "6"]
[SourceTitle "Corr 2008"]
[Source "ChessBase"]
[SourceDate "2008.06.24"]
[SourceVersion "1"]
[SourceVersionDate "2008.06.24"]
[SourceQuality "1"]

1. d4 d6 2. e4 Nf6 3. Nc3 g6 4. Nf3 Bg7 5. Be3 a6 6. Qd2 b5 7. Bh6 0-0 8. Bd3 Nc6 9. 0-0-0 Bg4 10. e5 dxe5 11. dxe5 Nd7 12. Bxg7 Kxg7 13. Be4 Bxf3 14. gxf3 Ndxe5 15. f4 Qxd2+ 16. Rxd2 f5 17. Bd5 1-0

[Event "IECG CA.2003.0.00087 email"]
[Site "IECG email"]
[Date "2003.03.16"]
[Round "?"]
[White "Halliday, Lyndell A"]
[Black "Furman, Slavomir"]
[Result "0-1"]
[WhiteElo "2151"]
[BlackElo "2035"]
[PlyCount "38"]
[EventDate "2003.03.16"]
[EventType "tourn (corr)"]
[EventRounds "6"]
[SourceTitle "Corr 2008"]
[Source "ChessBase"]
[SourceDate "2008.06.24"]
[SourceVersion "1"]
[SourceVersionDate "2008.06.24"]
[SourceQuality "1"]

1. c4 Nf6 2. g3 g6 3. Bg2 Bg7 4. Nc3 0-0 5. d3 d6 6. Bg5 h6 7. Bd2 e5 8. e4 Nc6 9. Nge2 Re8 10. 0-0 Nb4 11. Qb1 Bd7 12. a3 Na6 13. b4 c6 14. h3 Be6 15. Qc1 Kh7 16. f4 Qd7 17. g4 exf4 18. Nxf4 Nc7 19. Be3 Qe7 0-1